Taylor Swift or Lord Byron? #1 - Statistics

General Stats
  • This quiz has been taken 9 times
  • The average score is 10 of 13
Answer Stats
Question Answer % Correct
"The bright sun was extinguished" Lord Byron
100%
"The wretched gift eternity" Lord Byron
100%
" Tell of days in goodness spent" Lord Byron
86%
"In secret we met, in silence I grieve" Lord Byron
86%
"Those that know the most must mourn the deepest" Lord Byron
86%
"The heart will break, but broken live on." Lord Byron
86%
"Hang from my lips like the gardens of Babylon" Taylor Swift
86%
"How's one to know the fatal flaw that makes you long to be magnificently cursed?" Taylor Swift
86%
"You had to kill me, but it killed you just the same" Taylor Swift
71%
"Sacrificed us to the gods of your bluest days" Taylor Swift
71%
"I'd meet you where the spirit meets the bone, in a faith forgotten land" Taylor Swift
71%
"How the death rattle breathing silenced as the soul was leaving" Taylor Swift
71%
"Devils that you know raise worse hell than a stranger" Taylor Swift
43%
No matching quizzes found
Score Distribution
Percent of People with Each Score
Percentile by Number Answered
Your Score History
You have not taken this quiz